00457nam a2200133Ia 4500999001500000008004100015100002000056245004400076260001400120300000900134650001500143942001200158952015300170 c6841d6841191201s2018 xx 000 0 und d aHeywood, John B 0aInternal Combustion Engine Fundamentals bTMHc2018 aMISC aB.Tech(ME) 2ddccBK 00102ddc40708BTECHMEaPIETbPIETd2020-07-21eKirti Prakashang860.00kIN3884l0o621.43 HEIp30525r2019-12-04 00:00:00v584.80w2019-05-15yBK